| 000 | 01082aam a2200349 a 4500 | ||
|---|---|---|---|
| 001 | 014500911 | ||
| 003 | Uk | ||
| 005 | 20230125103141.0 | ||
| 008 | 230125s2008 enk b 001 0 eng | ||
| 020 | _a9780415427302 (pbk.) : | ||
| 041 | _aeng | ||
| 042 | _aukblsr | ||
| 082 | 0 | 0 | _a690.22 |
| 245 | 1 | 0 |
_aHazards and the built environment : _battaining built-in resilience / _cedited by Lee Bosher. |
| 260 |
_aLondon : _bTaylor & Francis, _c2008. |
||
| 300 |
_axviii, 382 p. : _bill., maps ; _c24 cm. |
||
| 336 |
_atext _2rdacontent |
||
| 337 |
_aunmediated _2rdamedia |
||
| 338 |
_avolume _2rdacarrier |
||
| 500 | _aFormerly CIP. | ||
| 504 | _aIncludes bibliographical references and index. | ||
| 650 | 0 |
_aBuilding failures _xPrevention. |
|
| 650 | 0 |
_aBuilding failures _xRisk assessment. |
|
| 650 | 0 | _aBuilding Standards | |
| 650 | 0 | _aBuilt Environment | |
| 651 | _aUnited Kingdom | ||
| 690 |
_96307 _aBuilt Environment |
||
| 700 | 1 | _aBosher, Lee. | |
| 942 | _n0 | ||
| 999 |
_c121332 _d121332 |
||